The Chinese empire
| Other Authors: | |
|---|---|
| Format: | Book |
| Published: |
Hong Kong :
John Nicholson ,
1988
|
| Subjects: |
MARC
| LEADER | 00000cam a2200000 7i4500 | ||
|---|---|---|---|
| 001 | 0000000193 | ||
| 002 | 000000256 | ||
| 005 | 20000330.0 | ||
| 020 | |a 9623280025 | ||
| 090 | 0 | 0 | |a 951 |b CHI |
| 245 | 0 | 4 | |a The Chinese empire |c adapted and abridged by D.J.M. Tate |
| 260 | |a Hong Kong : |b John Nicholson , |c 1988 | ||
| 651 | 0 | |a China |x History | |
| 700 | 0 | |a Tate, D.J.M . |a dapted and abridged by | |
| 999 | |a 027649 |b BUKU |c PINJAMAN |e PERPUSTAKAAN KOMUNITI PETALING JAYA | ||